000 00296nam a22001337a 4500
008 170511b xxu||||| |||| 00| 0 eng d
020 _a9781454813569
041 _aeng
080 _a342
100 _a15
101 _aSHJ
245 _aPROPERTIES OF PROPERTY
_cALEXANDER, G.S
942 _2udc
_cBK
999 _c13153
_d13153